000 00497nam a2200205Ia 4500
008 160803s9999 xx 000 0 und d
020 _a0 439472857
100 _aBridwell, Norman
245 _aClifford's first sleepover /
245 _cNorman Bridwell.
260 _aNew York :
260 _bScholastic Inc.
260 _c2004
300 _aunnumbered pages :
300 _bcolor illustrations ;
300 _c21 cm.
650 _aDogs --
650 _xFiction.
700 _a450
999 _c298883
_d298883